[Event "8. Autunno Veneziano Magistrale"]
[Site "Venezia"]
[Date "2001.11.03"]
[Round "4.1"]
[White "Mufic, Goran"]
[Black "Pietrobon, Fabio"]
[Result "1-0"]
[WhiteElo "2370"]
[BlackElo "1920"]
[PlyCount "77"]
[EventDate "2001.11.01"]
[EventType "swiss"]
[EventRounds "6"]
[EventCountry "ITA"]
[SourceTitle "Inf 22"]

1. e4 c5 2. c3 Nf6 3. e5 Nd5 4. d4 cxd4 5. Nf3 Nc6 6. cxd4 e6 7. Nc3 Bb4 8. Bd2 Nc7 9. a3 Be7 10. Bd3 b6 11. b4 a6 12. Ne4 h6 13. Qe2 Bb7 14. O-O g5 15. Nd6+ Bxd6 16. exd6 Nd5 17. Bc4 g4 18. Ne5 Nxe5 19. Qxe5 Qf6 20. Rac1 Qxe5 21. dxe5 Kf8 22. Bxd5 Bxd5 23. Rc7 Bc6 24. Be3 b5 25. Rd1 Kg7 26. Rd4 h5 27. Rf4 Rhc8 28. h3 gxh3 29. gxh3 Rxc7 30. dxc7 Rc8 31. Bb6 Bb7 32. Rf6 Rg8 33. Bc5 Rc8 34. Bd6 Rg8 35. f3 Rh8 36. Kf2 Rh6 37. Bf8+ Kxf8 38. Rxh6 Ke7 39. Rh8 1-0

[Event "8. Autunno Veneziano Magistrale"]
[Site "Venezia"]
[Date "2001.11.03"]
[Round "4.2"]
[White "Genocchio, Daniele"]
[Black "Solinas, Carlo"]
[Result "1-0"]
[WhiteElo "2325"]
[BlackElo "2035"]
[PlyCount "67"]
[EventDate "2001.11.01"]
[EventType "swiss"]
[EventRounds "6"]
[EventCountry "ITA"]
[SourceTitle "Inf 22"]

1. Nf3 Nf6 2. g3 d6 3. Bg2 e5 4. O-O Nc6 5. c4 g6 6. d4 exd4 7. Nxd4 Nxd4 8. Qxd4 Bg7 9. Nc3 O-O 10. Qh4 Ng4 11. Qxd8 Rxd8 12. Nd5 c6 13. Ne7+ Kh8 14. Nxc8 Raxc8 15. Bd2 b6 16. Rab1 d5 17. cxd5 cxd5 18. Rfc1 h5 19. b3 Bd4 20. e3 Bf6 21. Rxc8 Rxc8 22. Rc1 Rxc1+ 23. Bxc1 d4 24. h3 d3 25. hxg4 Bc3 26. Bf3 hxg4 27. Bxg4 b5 28. b4 Bxb4 29. Bb2+ Kg8 30. Kf1 Bd2 31. Bd7 b4 32. Bb5 a5 33. Bxd3 a4 34. Ke2 1-0

[Event "8. Autunno Veneziano Magistrale"]
[Site "Venezia"]
[Date "2001.11.03"]
[Round "4.3"]
[White "Del Monaco, Andrea"]
[Black "Lain, Luigi"]
[Result "1-0"]
[WhiteElo "2175"]
[BlackElo "1940"]
[PlyCount "63"]
[EventDate "2001.11.01"]
[EventType "swiss"]
[EventRounds "6"]
[EventCountry "ITA"]
[SourceTitle "Inf 22"]

1. e4 e5 2. Nf3 Nc6 3. Bc4 Bc5 4. b4 Bxb4 5. c3 Ba5 6. d4 exd4 7. O-O d6 8. Qb3 Qe7 9. e5 dxe5 10. Ba3 Qf6 11. cxd4 exd4 12. Nbd2 Bxd2 13. Nxd2 Nge7 14. Ne4 Qg6 15. Bb5 O-O 16. Bxc6 bxc6 17. Rfe1 Be6 18. Qb7 Rfe8 19. Bxe7 Rab8 20. Qxa7 f5 21. Nf6+ gxf6 22. Rxe6 Qf7 23. Ree1 d3 24. Rad1 Qd5 25. Qxc7 d2 26. Re3 Rec8 27. Qg3+ Kf7 28. Bxf6 Kxf6 29. Qh4+ Kg6 30. Rg3+ Kf7 31. Qxh7+ Kf8 32. Rg7 1-0

[Event "8. Autunno Veneziano Magistrale"]
[Site "Venezia"]
[Date "2001.11.03"]
[Round "4.4"]
[White "Navarro, Stefano"]
[Black "Drazic, Sinisa"]
[Result "0-1"]
[WhiteElo "2170"]
[BlackElo "2470"]
[PlyCount "80"]
[EventDate "2001.11.01"]
[EventType "swiss"]
[EventRounds "6"]
[EventCountry "ITA"]
[SourceTitle "Inf 22"]

1. e4 d5 2. exd5 Qxd5 3. Nc3 Qd6 4. d4 Nf6 5. Bd3 Nc6 6. Nge2 Bg4 7. f3 Bh5 8. Bf4 Qd7 9. Ne4 e6 10. Nxf6+ gxf6 11. Be4 O-O-O 12. c3 Bg6 13. Ng3 Be7 14. Be3 f5 15. Bc2 h5 16. Qd2 h4 17. Ne2 h3 18. g3 Bh5 19. Rf1 Na5 20. Bd3 Qc6 21. Ng1 Bg6 22. Qe2 a6 23. Kf2 e5 24. Rad1 f4 25. Bxf4 Bxd3 26. Qxd3 exf4 27. Qf5+ Qe6 28. Qxf4 Qxa2 29. Rd2 Qd5 30. Re2 Bd6 31. Qe4 c6 32. f4 Nc4 33. Qxd5 cxd5 34. Nf3 Rde8 35. Rfe1 Rxe2+ 36. Rxe2 f6 37. Re6 Rf8 38. b3 Kd7 39. Re2 Na5 40. Rb2 Rc8 0-1

[Event "8. Autunno Veneziano Magistrale"]
[Site "Venezia"]
[Date "2001.11.03"]
[Round "4.5"]
[White "Gallo, Enrico"]
[Black "Klovans, Janis"]
[Result "0-1"]
[WhiteElo "2160"]
[BlackElo "2420"]
[PlyCount "68"]
[EventDate "2001.11.01"]
[EventType "swiss"]
[EventRounds "6"]
[EventCountry "ITA"]
[SourceTitle "Inf 22"]

1. e4 c5 2. Nf3 e6 3. d4 cxd4 4. Nxd4 Nf6 5. Nc3 d6 6. Bc4 Nc6 7. Be3 a6 8. Bb3 Na5 9. O-O b5 10. f4 Nxb3 11. axb3 Bb7 12. e5 dxe5 13. fxe5 Nd7 14. Qe2 Bc5 15. Kh1 O-O 16. Rad1 Qc7 17. Bf4 Rad8 18. Ne4 Bxe4 19. Qxe4 Nb6 20. Nf3 Rxd1 21. Rxd1 Rd8 22. Rf1 h6 23. b4 Be7 24. c3 Qd7 25. Nd4 Bf8 26. Bg3 Nc4 27. Qe2 Bxb4 28. Nxe6 Qxe6 29. cxb4 Rd2 30. Qe4 Rxb2 31. h3 Nd2 32. Qa8+ Kh7 33. Ra1 Qg6 34. Be1 Rb1 0-1

[Event "8. Autunno Veneziano Magistrale"]
[Site "Venezia"]
[Date "2001.11.03"]
[Round "4.6"]
[White "Doric, Darko"]
[Black "Vianello, Enrico"]
[Result "1/2-1/2"]
[WhiteElo "2250"]
[BlackElo "2140"]
[PlyCount "85"]
[EventDate "2001.11.01"]
[EventType "swiss"]
[EventRounds "6"]
[EventCountry "ITA"]
[SourceTitle "Inf 22"]

1. d4 d5 2. c4 c6 3. cxd5 cxd5 4. Nc3 Nf6 5. Nf3 Nc6 6. Bf4 Bf5 7. e3 e6 8. Bb5 Nd7 9. O-O Be7 10. Rc1 Rc8 11. a3 O-O 12. Na4 a6 13. Bxc6 Rxc6 14. Rxc6 bxc6 15. Ne5 Nxe5 16. Bxe5 Qa5 17. Nc3 Bxa3 18. bxa3 Qxc3 19. Qc1 Qxc1 20. Rxc1 Rc8 21. Rc3 h6 22. Bd6 Bb1 23. Rb3 Bc2 24. Rb7 Bd3 25. h3 Rd8 26. Rb8 Rxb8 27. Bxb8 f6 28. Bd6 Kf7 29. f4 g5 30. Kf2 Kg6 31. fxg5 hxg5 32. g4 Kf7 33. Kg3 Ke8 34. Bc5 Bf1 35. h4 gxh4+ 36. Kxh4 Kf7 37. g5 Be2 38. gxf6 Kxf6 39. Kg3 Kf5 40. Kf2 Bh5 41. Ke1 Ke4 42. Kd2 e5 43. Ba7 1/2-1/2

[Event "8. Autunno Veneziano Magistrale"]
[Site "Venezia"]
[Date "2001.11.03"]
[Round "4.7"]
[White "Cristiani, Cesare"]
[Black "Ramesa, Davor"]
[Result "1-0"]
[WhiteElo "2100"]
[BlackElo "2125"]
[PlyCount "149"]
[EventDate "2001.11.01"]
[EventType "swiss"]
[EventRounds "6"]
[EventCountry "ITA"]
[SourceTitle "Inf 22"]

1. d4 Nf6 2. c4 g6 3. f3 Bg7 4. e4 d6 5. Nc3 O-O 6. Bg5 c5 7. d5 e6 8. Qd2 exd5 9. cxd5 a6 10. a4 Qa5 11. Ra3 Re8 12. Nge2 Nbd7 13. Nc1 Qc7 14. Be2 b6 15. N1a2 Rb8 16. Be3 Bb7 17. O-O Re7 18. Rc1 Rf8 19. b4 Ne8 20. Bf2 f5 21. Bd3 fxe4 22. Bxe4 Be5 23. Ne2 Nef6 24. bxc5 Nxe4 25. fxe4 bxc5 26. Rf3 Nf6 27. Qh6 Ref7 28. Qh4 Nxd5 29. Rxf7 Qxf7 30. exd5 Qxd5 31. Qc4 Qxc4 32. Rxc4 Bd5 33. Rc2 Bb3 34. Rd2 Bxa4 35. Bg3 Bxg3 36. Nxg3 Rd8 37. Nc3 Bc6 38. Nge4 d5 39. Nxc5 d4 40. Ne2 d3 41. Rxd3 Rxd3 42. Nxd3 Bb5 43. Ndc1 Kf7 44. Kf2 Kf6 45. Nc3 Bc4 46. N1e2 Ke5 47. Ke3 Be6 48. Nd4 Bc4 49. g4 h6 50. Nf3+ Kf6 51. Ne4+ Ke6 52. Kf4 a5 53. Ke3 Bf1 54. Nd4+ Kd5 55. Nb3 a4 56. Nbd2 Bh3 57. Nc3+ Kc5 58. Kf3 h5 59. gxh5 gxh5 60. Nxa4+ Kd6 61. Kg3 Bg4 62. Nc4+ Ke6 63. Ne3 Be2 64. Nc3 Bd3 65. Kh4 Bg6 66. Kg5 Bf7 67. Ne2 Ke5 68. Ng3 Kd4 69. Ng2 Ke5 70. Nxh5 Ke4 71. Ngf4 Kf3 72. h4 Ke4 73. Ng6 Bb3 74. Nf6+ Kd4 75. h5 1-0

[Event "8. Autunno Veneziano Magistrale"]
[Site "Venezia"]
[Date "2001.11.03"]
[Round "4.8"]
[White "Bianchi, Andrea"]
[Black "Forato, Piero"]
[Result "1-0"]
[WhiteElo "2110"]
[BlackElo "2015"]
[PlyCount "61"]
[EventDate "2001.11.01"]
[EventType "swiss"]
[EventRounds "6"]
[EventCountry "ITA"]
[SourceTitle "Inf 22"]

1. e4 c5 2. Nf3 d6 3. d4 cxd4 4. Qxd4 Bd7 5. c4 Nc6 6. Qd3 g6 7. Nc3 Bg7 8. Be3 Nf6 9. Qd2 O-O 10. h3 a6 11. Be2 Rc8 12. Nd4 Qa5 13. Rd1 Ne5 14. b3 b5 15. f4 b4 16. Nd5 Nc6 17. Nxc6 Bxc6 18. Nxe7+ Kh8 19. Bd4 Rc7 20. Nxc6 Rxc6 21. Qb2 Ne8 22. Bxg7+ Nxg7 23. Bf3 Rb6 24. Rd5 Qa3 25. Qxa3 bxa3 26. O-O Ne6 27. g3 Rc8 28. Rfd1 Rcc6 29. Kf2 Nc5 30. e5 Nxb3 31. exd6 1-0

[Event "8. Autunno Veneziano Magistrale"]
[Site "Venezia"]
[Date "2001.11.03"]
[Round "4.9"]
[White "Zanin, Dario"]
[Black "Opacic, Alexandar"]
[Result "1-0"]
[WhiteElo "2025"]
[BlackElo "2110"]
[PlyCount "109"]
[EventDate "2001.11.01"]
[EventType "swiss"]
[EventRounds "6"]
[EventCountry "ITA"]
[SourceTitle "Inf 22"]

1. e4 d6 2. d4 Nf6 3. Nc3 c6 4. Nf3 b5 5. a3 g6 6. Bg5 a6 7. Be2 Bb7 8. Qd2 Qc7 9. e5 Nd5 10. Ne4 Nd7 11. c4 bxc4 12. Bxc4 dxe5 13. Rc1 N5f6 14. Nxf6+ exf6 15. Bh4 Bg7 16. O-O O-O 17. d5 Nb6 18. dxc6 Bxc6 19. Qa5 Qb7 20. Be2 f5 21. Rfd1 Bxf3 22. Bxf3 e4 23. Be2 Nd7 24. Be7 Rfc8 25. Rxc8+ Qxc8 26. Qa4 Nf8 27. Bc4 Ne6 28. Rd8+ Qxd8 29. Bxd8 Rxd8 30. Bxe6 fxe6 31. g3 Bxb2 32. Qb3 Bd4 33. Qxe6+ Kf8 34. Qxa6 Rd7 35. a4 Ke7 36. Qb5 Ba7 37. Qe5+ Kf7 38. g4 Re7 39. Qd5+ Kf6 40. Qd6+ Kf7 41. gxf5 gxf5 42. Qh6 Ke8 43. Qh5+ Rf7 44. Kf1 e3 45. fxe3 Bxe3 46. Ke2 f4 47. Kf3 Kf8 48. a5 Kg7 49. a6 Ba7 50. Qe5+ Kf8 51. h4 Be3 52. h5 Ba7 53. h6 Kg8 54. Qe8+ Rf8 55. Qd7 1-0

[Event "8. Autunno Veneziano Magistrale"]
[Site "Venezia"]
[Date "2001.11.03"]
[Round "4.10"]
[White "Galiazzo, Giuliano"]
[Black "Artizzu, Giulio"]
[Result "0-1"]
[WhiteElo "1920"]
[BlackElo "2105"]
[PlyCount "98"]
[EventDate "2001.11.01"]
[EventType "swiss"]
[EventRounds "6"]
[EventCountry "ITA"]
[SourceTitle "Inf 22"]

1. e4 c5 2. Nf3 d6 3. Bb5+ Bd7 4. Bxd7+ Nxd7 5. O-O Ngf6 6. Re1 e6 7. c3 Be7 8. d4 O-O 9. e5 Nd5 10. Nbd2 cxd4 11. cxd4 dxe5 12. dxe5 Rc8 13. Nb3 Nc5 14. Be3 Nxe3 15. Rxe3 Qb6 16. Qe2 Rfd8 17. Nxc5 Rxc5 18. Rb3 Qc6 19. h3 a6 20. Qe3 b5 21. Re1 Rc2 22. Qe4 Qxe4 23. Rxe4 Rd1+ 24. Re1 Rxe1+ 25. Nxe1 Re2 26. Nd3 Re4 27. Kf1 Ra4 28. a3 Rc4 29. Ke2 h5 30. Kf3 g5 31. g4 hxg4+ 32. hxg4 Kg7 33. Nb4 Rf4+ 34. Kg3 a5 35. Nd3 Rd4 36. Rc3 Rc4 37. Rxc4 bxc4 38. Ne1 c3 39. bxc3 Bxa3 40. Nd3 a4 41. f4 Bb2 42. c4 a3 43. Nb4 Bd4 44. Kf3 gxf4 45. Kxf4 Kg6 46. Ke4 Bc5 47. Na2 Kg5 48. Kf3 Bg1 49. Nc3 Bd4 0-1

[Event "8. Autunno Veneziano Magistrale"]
[Site "Venezia"]
[Date "2001.11.03"]
[Round "4.11"]
[White "Faccia, Sergio"]
[Black "Zotti, Enrico"]
[Result "1-0"]
[WhiteElo "2025"]
[BlackElo "2080"]
[PlyCount "103"]
[EventDate "2001.11.01"]
[EventType "swiss"]
[EventRounds "6"]
[EventCountry "ITA"]
[SourceTitle "Inf 22"]

1. e4 c5 2. b4 cxb4 3. Bb2 Nf6 4. e5 Nd5 5. Nf3 e6 6. a3 Nc6 7. Be2 b6 8. O-O Bb7 9. d4 Nc7 10. axb4 Bxb4 11. c3 Be7 12. c4 Nb4 13. Qb3 O-O 14. Rd1 d5 15. exd6 Qxd6 16. Nc3 a5 17. Na4 Qc6 18. Rac1 Rac8 19. Bf1 Bd6 20. d5 exd5 21. cxd5 Qe8 22. Nxb6 Bxd5 23. Qc3 f6 24. Nxc8 Qxc8 25. Rxd5 Nbxd5 26. Qc6 Rd8 27. Bc4 Qf5 28. Nd4 Qe5 29. g3 Kh8 30. Ba1 Qg5 31. Re1 Qd2 32. Nf3 Nb4 33. Qa4 Qh6 34. Bd4 Qg6 35. Bb6 Qc2 36. Bb3 Qc3 37. Bxc7 Qxc7 38. Re8+ Bf8 39. Re1 Nd3 40. Rd1 Qc5 41. Rd2 Qc1+ 42. Rd1 Qc5 43. Rd2 Qb6 44. Qc4 Bc5 45. Rxd3 Bxf2+ 46. Kg2 Rb8 47. Ba2 Bc5 48. Nh4 g5 49. Nf3 h5 50. Qf7 Rf8 51. Qxh5+ Kg7 52. Rd7+ 1-0

[Event "8. Autunno Veneziano Magistrale"]
[Site "Venezia"]
[Date "2001.11.03"]
[Round "4.12"]
[White "Rigo, Gianfrancesco"]
[Black "Danieli, Enrico"]
[Result "1/2-1/2"]
[WhiteElo "2110"]
[BlackElo "2050"]
[PlyCount "104"]
[EventDate "2001.11.01"]
[EventType "swiss"]
[EventRounds "6"]
[EventCountry "ITA"]
[SourceTitle "Inf 22"]

1. e4 c6 2. Nc3 d5 3. Qf3 dxe4 4. Nxe4 Nf6 5. Bc4 e6 6. Nxf6+ Qxf6 7. Qxf6 gxf6 8. Ne2 Nd7 9. d4 Rg8 10. Bf4 b6 11. O-O-O Bb7 12. Bg3 O-O-O 13. Nc3 f5 14. Rhe1 Nf6 15. Kb1 Rg4 16. Ne2 Bd6 17. h3 Rgg8 18. Bh4 Be7 19. Nf4 Nd5 20. Bxe7 Nxe7 21. Nxe6 fxe6 22. Bxe6+ Kc7 23. Bxg8 Nxg8 24. Re5 Rf8 25. c4 Kd6 26. Rde1 Rf7 27. Kc2 Ne7 28. Kc3 Bc8 29. a4 f4 30. b4 Ng6 31. Re8 Kd7 32. b5 Ne7 33. Rh8 Bb7 34. f3 a6 35. bxa6 Bxa6 36. Ra8 Bb7 37. Ra7 Kc7 38. a5 Nc8 39. axb6+ Kxb6 40. Ra2 Kc7 41. Rae2 Kd7 42. Re5 Nd6 43. Ra1 Rg7 44. Ra2 Rf7 45. Ra7 Kc7 46. Ra2 Rg7 47. Kb4 Rd7 48. Kc3 Rf7 49. Kd3 Bc8 50. Ra7+ Bb7 51. Ra2 Bc8 52. Ra7+ Bb7 1/2-1/2

[Event "8. Autunno Veneziano Magistrale"]
[Site "Venezia"]
[Date "2001.11.03"]
[Round "4.13"]
[White "Scharrer, Patrick"]
[Black "Viola, Matteo"]
[Result "1-0"]
[WhiteElo "2080"]
[BlackElo "1915"]
[PlyCount "71"]
[EventDate "2001.11.01"]
[EventType "swiss"]
[EventRounds "6"]
[EventCountry "ITA"]
[SourceTitle "Inf 22"]

1. e4 c5 2. Nf3 Nc6 3. d4 cxd4 4. Nxd4 Nf6 5. Nc3 e5 6. Ndb5 d6 7. Bg5 a6 8. Na3 b5 9. Nd5 Qa5+ 10. Bd2 Qd8 11. Be3 Rb8 12. Bg5 Qa5+ 13. Bd2 Qd8 14. Bg5 Be6 15. Bxf6 gxf6 16. c3 Bg7 17. Nc2 Ne7 18. Nce3 Nxd5 19. exd5 Bd7 20. Bd3 Qc8 21. Qh5 Ke7 22. O-O Qf8 23. Bf5 Rg8 24. Bxd7 Kxd7 25. Nf5 Rc8 26. a4 Bh8 27. axb5 axb5 28. Ra6 Rg6 29. Qh3 Kc7 30. Nxd6 Rd8 31. Nxb5+ Kb7 32. Rfa1 Rxd5 33. Qf3 Qc5 34. c4 e4 35. Qxe4 f5 36. Ra7+ 1-0

[Event "8. Autunno Veneziano Magistrale"]
[Site "Venezia"]
[Date "2001.11.03"]
[Round "4.14"]
[White "Sikanjic, Bojan"]
[Black "Ronchetti, Niccolo"]
[Result "0-1"]
[WhiteElo "2070"]
[BlackElo "1810"]
[PlyCount "68"]
[EventDate "2001.11.01"]
[EventType "swiss"]
[EventRounds "6"]
[EventCountry "ITA"]
[SourceTitle "Inf 22"]

1. c4 Nf6 2. Nc3 e6 3. e4 d5 4. e5 d4 5. exf6 dxc3 6. bxc3 Qxf6 7. Nf3 c5 8. d4 cxd4 9. Bg5 Qf5 10. Bd3 Qa5 11. O-O dxc3 12. Qe2 Bd6 13. Rab1 h6 14. Be3 Nc6 15. c5 Be7 16. Bf4 a6 17. Bd6 Bxd6 18. cxd6 Qd8 19. Rfd1 Qxd6 20. Bxa6 Qc7 21. Bb5 O-O 22. Rbc1 Ne7 23. Ne5 Qa5 24. a4 Nd5 25. Rd4 Qc7 26. Rh4 Qe7 27. Qg4 Qg5 28. Re1 Qxg4 29. Rxg4 Ra7 30. Rc1 b6 31. Bc6 Rc7 32. Rg3 Rd8 33. f4 Nxf4 34. Rgxc3 Ne2+ 0-1

[Event "8. Autunno Veneziano Magistrale"]
[Site "Venezia"]
[Date "2001.11.03"]
[Round "4.15"]
[White "Pesco, Giuseppe"]
[Black "Rossato, Armando"]
[Result "0-1"]
[WhiteElo "1940"]
[BlackElo "2115"]
[PlyCount "118"]
[EventDate "2001.11.01"]
[EventType "swiss"]
[EventRounds "6"]
[EventCountry "ITA"]
[SourceTitle "Inf 22"]

1. Nf3 Nc6 2. d4 d5 3. g3 g6 4. Bg2 Bg7 5. O-O Bg4 6. h3 Bxf3 7. Bxf3 Nxd4 8. Bg2 e6 9. c3 Nc6 10. Qb3 Rb8 11. e4 Nge7 12. Rd1 d4 13. Na3 O-O 14. Nb5 a6 15. Nxd4 Bxd4 16. Be3 e5 17. cxd4 exd4 18. Bh6 Re8 19. f4 Qd6 20. g4 Qe6 21. Qf3 f6 22. h4 Rbd8 23. Rac1 Kh8 24. f5 Qf7 25. Bf4 Rd7 26. a3 Ne5 27. Bxe5 fxe5 28. f6 Nc6 29. g5 Red8 30. Bf1 d3 31. Rxd3 Nd4 32. Qh3 b6 33. Rdc3 b5 34. b4 c6 35. Ra1 Rd6 36. a4 Ne6 37. axb5 Nf4 38. Qf3 cxb5 39. Rac1 Qe6 40. Rc7 R6d7 41. R1c6 Rxc7 42. Rxe6 Nxe6 43. Qa3 Rc6 44. Qa1 Rd4 45. Bxb5 axb5 46. Qa8+ Nd8 47. Qa7 Rc1+ 48. Kf2 Rc2+ 49. Ke3 Rc3+ 50. Ke2 Ne6 51. Qb8+ Rd8 52. Qxe5 Nd4+ 53. Kf2 Rc2+ 54. Kf1 Nf3 55. Qa1 Nd2+ 56. Ke1 Nxe4 57. f7+ Nc3 58. f8=Q+ Rxf8 59. Qa6 Re2# 0-1

[Event "8. Autunno Veneziano Magistrale"]
[Site "Venezia"]
[Date "2001.11.03"]
[Round "4.16"]
[White "Ruzzier, Dario"]
[Black "Tomba, Ivan"]
[Result "1/2-1/2"]
[WhiteElo "1900"]
[BlackElo "2105"]
[PlyCount "102"]
[EventDate "2001.11.01"]
[EventType "swiss"]
[EventRounds "6"]
[EventCountry "ITA"]
[SourceTitle "Inf 22"]

1. d4 Nf6 2. c4 g6 3. Nc3 Bg7 4. e4 d6 5. f3 O-O 6. Be3 Nc6 7. Nge2 a6 8. Qd2 Rb8 9. Bh6 b5 10. Bxg7 Kxg7 11. Nc1 e5 12. d5 Nd4 13. Nb3 bxc4 14. Bxc4 Nxb3 15. Bxb3 Nh5 16. g3 Rb4 17. Ne2 a5 18. Rc1 Ba6 19. Bd1 Qd7 20. a3 Rb7 21. O-O a4 22. Rf2 Bxe2 23. Rxe2 Qb5 24. Qc2 Rfb8 25. Qxa4 Qd3 26. Rc3 Qd4+ 27. Qxd4 exd4 28. Rd3 Rxb2 29. Rxb2 Rxb2 30. Rxd4 Ra2 31. a4 Nf6 32. h4 Nd7 33. Kf1 Nc5 34. Ke1 Kf6 35. Rd2 Ra1 36. Rd4 Ke5 37. Rc4 Nd3+ 38. Ke2 Nb2 39. f4+ Kf6 40. Rd4 Nxd1 41. Rxd1 Rxa4 42. Ke3 h5 43. Rd3 Rc4 44. Rb3 Ke7 45. Kd3 Ra4 46. Rc3 Kd7 47. Rc4 Ra3+ 48. Rc3 Ra4 49. Ke3 Rb4 50. Kf3 Rd4 51. Re3 Rd1 1/2-1/2

[Event "8. Autunno Veneziano Magistrale"]
[Site "Venezia"]
[Date "2001.11.04"]
[Round "5.1"]
[White "Mufic, Goran"]
[Black "Genocchio, Daniele"]
[Result "1/2-1/2"]
[WhiteElo "2370"]
[BlackElo "2325"]
[PlyCount "102"]
[EventDate "2001.11.01"]
[EventType "swiss"]
[EventRounds "6"]
[EventCountry "ITA"]
[SourceTitle "Inf 22"]

1. d4 Nf6 2. Nf3 g6 3. Bg5 Bg7 4. Nbd2 d6 5. c3 O-O 6. e4 Nc6 7. h3 e5 8. dxe5 dxe5 9. Qc2 h6 10. Be3 Nh5 11. b4 Nd4 12. Qd1 a5 13. b5 b6 14. Rc1 Bb7 15. cxd4 exd4 16. Nxd4 Bxd4 17. Bxd4 Qxd4 18. Rxc7 Rae8 19. Rc4 Qf6 20. Be2 Nf4 21. O-O Rd8 22. Bf3 Rd3 23. e5 Qg5 24. Bxb7 Rxd2 25. Qf3 Ne2+ 26. Kh1 Qxe5 27. a4 Rfd8 28. Re4 Qb2 29. Re7 Rf8 30. Re1 Nd4 31. Qg4 Nf5 32. R7e2 h5 33. Rxd2 Qxd2 34. Qe2 Qf4 35. Qc2 Qg5 36. Bc6 Nd4 37. Qc1 Qf5 38. Qc3 Nc2 39. Qe5 Qxf2 40. Re2 Qf1+ 41. Kh2 Qd1 42. Bd5 Nb4 43. Bc4 Qd8 44. Rf2 Nd3 45. Bxd3 Qxd3 46. Qc7 Qd4 47. Rf4 Qd8 48. Rxf7 Qxc7+ 49. Rxc7 Rf4 50. Rc6 Kf7 51. Rxb6 Rxa4 1/2-1/2

[Event "8. Autunno Veneziano Magistrale"]
[Site "Venezia"]
[Date "2001.11.04"]
[Round "5.2"]
[White "Klovans, Janis"]
[Black "Del Monaco, Andrea"]
[Result "1-0"]
[WhiteElo "2420"]
[BlackElo "2175"]
[PlyCount "69"]
[EventDate "2001.11.01"]
[EventType "swiss"]
[EventRounds "6"]
[EventCountry "ITA"]
[SourceTitle "Inf 22"]

1. e4 e6 2. d4 d5 3. Nc3 Nf6 4. Bg5 Bb4 5. e5 h6 6. Be3 Ne4 7. Qg4 g6 8. a3 Bxc3+ 9. bxc3 Nxc3 10. Bd3 Nc6 11. h4 Qe7 12. h5 g5 13. f4 gxf4 14. Qxf4 Bd7 15. Bf2 Qf8 16. Bh4 Rg8 17. g4 Ne4 18. Nf3 Ne7 19. Nd2 Bc6 20. Rf1 Qg7 21. O-O-O Qf8 22. Kb2 Nc8 23. Bxe4 dxe4 24. Nxe4 Bxe4 25. Qxe4 c6 26. d5 exd5 27. Rxd5 Ne7 28. Rd6 Qg7 29. Bxe7 Kxe7 30. Rdf6 Qxg4 31. Rxf7+ Ke8 32. Rf8+ Ke7 33. R1f7+ Ke6 34. Rf6+ Ke7 35. Qxg4 1-0

[Event "8. Autunno Veneziano Magistrale"]
[Site "Venezia"]
[Date "2001.11.04"]
[Round "5.3"]
[White "Vianello, Enrico"]
[Black "Drazic, Sinisa"]
[Result "0-1"]
[WhiteElo "2140"]
[BlackElo "2470"]
[PlyCount "56"]
[EventDate "2001.11.01"]
[EventType "swiss"]
[EventRounds "6"]
[EventCountry "ITA"]
[SourceTitle "Inf 22"]

1. d4 g6 2. g3 Bg7 3. Bg2 c5 4. c3 Qa5 5. d5 d6 6. e4 Nd7 7. Ne2 b5 8. O-O Ngf6 9. h3 Rb8 10. Be3 b4 11. c4 b3 12. a3 Ne5 13. Nd2 Qa6 14. Nxb3 Nfd7 15. Bc1 Nxc4 16. Rb1 O-O 17. Nc3 Qb6 18. Nd2 Ba6 19. Re1 Nxd2 20. Qxd2 Qb3 21. Ra1 Ne5 22. Qd1 Nd3 23. Qxb3 Rxb3 24. Rd1 Nxb2 25. Bxb2 Rxb2 26. Rdc1 Bd4 27. Nd1 Rb3 28. Ra2 Rfb8 0-1

[Event "8. Autunno Veneziano Magistrale"]
[Site "Venezia"]
[Date "2001.11.04"]
[Round "5.4"]
[White "Solinas, Carlo"]
[Black "Bianchi, Andrea"]
[Result "0-1"]
[WhiteElo "2035"]
[BlackElo "2110"]
[PlyCount "82"]
[EventDate "2001.11.01"]
[EventType "swiss"]
[EventRounds "6"]
[EventCountry "ITA"]
[SourceTitle "Inf 22"]

1. e4 d6 2. d4 Nf6 3. Nc3 e5 4. dxe5 dxe5 5. Qxd8+ Kxd8 6. Nf3 Bd6 7. Bc4 Be6 8. Bd3 h6 9. h3 c6 10. Be3 Kc7 11. O-O-O Nbd7 12. Kb1 Rhd8 13. Rhf1 Nh5 14. Nd2 Bc5 15. Nb3 Bxe3 16. fxe3 a5 17. a4 Nhf6 18. Nd2 Nc5 19. Nf3 Nxd3 20. cxd3 Bb3 21. Rd2 Nd7 22. d4 f6 23. Rc1 Kb6 24. g4 Ka6 25. Rf2 Nb6 26. Nd2 Bxa4 27. dxe5 fxe5 28. Nxa4 Nxa4 29. Nc4 Rd7 30. Nxe5 Re7 31. Nd3 Rxe4 32. Rf3 Rae8 33. Re1 Kb6 34. Kc2 Nc5 35. Nf2 Rc4+ 36. Kb1 Nb3 37. Rd1 a4 38. Nd3 Rd8 39. e4 Rxe4 40. Nf2 Rxd1+ 41. Nxd1 Nd2+ 0-1

[Event "8. Autunno Veneziano Magistrale"]
[Site "Venezia"]
[Date "2001.11.04"]
[Round "5.5"]
[White "Pietrobon, Fabio"]
[Black "Cristiani, Cesare"]
[Result "1/2-1/2"]
[WhiteElo "1920"]
[BlackElo "2100"]
[PlyCount "82"]
[EventDate "2001.11.01"]
[EventType "swiss"]
[EventRounds "6"]
[EventCountry "ITA"]
[SourceTitle "Inf 22"]

1. d4 Nf6 2. Nf3 c5 3. e3 cxd4 4. exd4 d5 5. Bd3 Bg4 6. Bf4 Nc6 7. c3 e6 8. Nbd2 Bd6 9. Bxd6 Qxd6 10. O-O O-O 11. Re1 a6 12. a4 Rac8 13. a5 Qc7 14. Qa4 Ne7 15. Ne5 Bf5 16. Bxf5 Nxf5 17. Qd1 Nd6 18. Qe2 Rfe8 19. g3 Nfe4 20. Nxe4 Nxe4 21. f3 Nd6 22. Nd3 Nc4 23. b4 Nd6 24. Nc5 Nb5 25. Rac1 Re7 26. Qe5 Nd6 27. Re2 Nc4 28. Qxc7 Rexc7 29. Rce1 Nd6 30. Kf2 g6 31. g4 Kg7 32. h4 h6 33. Rg1 Re8 34. Rg3 Ree7 35. Ke1 Nb5 36. f4 Nd6 37. Kd1 Re8 38. Kc2 Rec8 39. Rf3 Kf6 40. Kb3 Kg7 41. Rg3 Kf6 1/2-1/2

[Event "8. Autunno Veneziano Magistrale"]
[Site "Venezia"]
[Date "2001.11.04"]
[Round "5.6"]
[White "Artizzu, Giulio"]
[Black "Faccia, Sergio"]
[Result "1-0"]
[WhiteElo "2105"]
[BlackElo "2025"]
[PlyCount "79"]
[EventDate "2001.11.01"]
[EventType "swiss"]
[EventRounds "6"]
[EventCountry "ITA"]
[SourceTitle "Inf 22"]

1. e4 e5 2. Nf3 Nc6 3. d4 exd4 4. Nxd4 Bc5 5. Nb3 Bb6 6. Nc3 Nf6 7. a4 a5 8. g3 d6 9. h3 Be6 10. Bg2 O-O 11. O-O Qd7 12. Kh2 Bc4 13. Ne2 Rfe8 14. Nd2 Ba6 15. c4 Qe6 16. b3 Nb4 17. Nf4 Qe5 18. Rb1 c6 19. Bb2 Qe7 20. Qf3 Nd7 21. Nh5 Ne5 22. Qe2 f6 23. f4 Ned3 24. Bc3 d5 25. Qg4 Kh8 26. exd5 cxd5 27. cxd5 Nf2 28. Rxf2 Bxf2 29. Be4 Rad8 30. Qf5 Qxe4 31. Nxe4 Bd3 32. Nhxf6 Bxe4 33. Nxe4 Nxd5 34. Be5 Bb6 35. Qf7 Rg8 36. Rd1 Ne3 37. Rxd8 Bxd8 38. Ng5 h6 39. Bxg7+ Rxg7 40. Qf8+ 1-0

[Event "8. Autunno Veneziano Magistrale"]
[Site "Venezia"]
[Date "2001.11.04"]
[Round "5.7"]
[White "Lain, Luigi"]
[Black "Zanin, Dario"]
[Result "0-1"]
[WhiteElo "1905"]
[BlackElo "2025"]
[PlyCount "58"]
[EventDate "2001.11.01"]
[EventType "swiss"]
[EventRounds "6"]
[EventCountry "ITA"]
[SourceTitle "Inf 22"]

1. d4 Nf6 2. c4 g6 3. Nc3 Bg7 4. e4 d6 5. f3 O-O 6. Be3 e5 7. d5 a5 8. Qd2 Na6 9. Bd3 Ne8 10. O-O-O f5 11. exf5 Bxf5 12. Bxf5 Rxf5 13. h4 c6 14. g4 Rf7 15. h5 cxd5 16. cxd5 b5 17. hxg6 hxg6 18. Ne4 Rc8+ 19. Kb1 Nb4 20. Qh2 Qc7 21. Ng5 Nf6 22. Rc1 Qb7 23. Rxc8+ Qxc8 24. Nxf7 Qc4 25. b3 Qd3+ 26. Kb2 Nfxd5 27. Qd2 e4+ 28. Kc1 Qf1+ 29. Qd1 Nxa2+ 0-1